000
00332nam a2200169Ia 4500
100
_a
Riordan/Rebecca M
650
_a
AJAX
942
_c
BK
366
_f
25
654
_a
ajax
245
_a
Head first Ajax
260
_b
Oreilly
_c
2008
082
_a
5.74
_b
RIO
300
_a
497
546
_a
ENGLISH
_c
PAMPHALETS
999
_c
18146
_d
18146